00317 a2200145 450000100060000002000180000604000240002410000190004824000260006724500210009330000060011436200090012044000110012965000310014013156 a9788526012066 cAnchieta - Aquarius aHauff, Wilhelm10aO califa cegonhalpor10aO califa cegonha a 0 a2007 1aGlobal 4aLiteratura infanto-juvenil